Statystyki dla Słówka z działu 'praca' po Angielsku

Kliknij tutaj aby rozwiązać quiz!

Ogólne statystyki

  • Ten quiz został rozwiązany 35 razy
  • Średni wynik to 7 z 30

Statystyki odpowiedzi

Po PolskuPo Angielsku% Poprawnych
kreatywnycreative
93%
mieć pracęhave a job
57%
stresującystressful
54%
praca na pełen etatfull-time job
50%
zatrudnićemploy
43%
praca na część etatupart-time job
43%
być odpowiedzialnym zabe responsible for
39%
męczącytiring
39%
pracodawcaemployer
36%
zostać wylanym z pracyget fired
36%
dostać dzień wolnyget a day off
32%
demandingwymagający
32%
być samozatrudnionymbe self-employed
25%
być bezrobotnymbe unemployed
25%
ubiegać się o pracęapply for a job
21%
dobrze zarabiaćbe well-paid
21%
wymagający, stanowiący wyzwaniechallenging
21%
źle zarabiaćbe badly paid
11%
wymyślićcome up with
11%
zrezygnować z pracyresign from a job
7%
satysfakcjonującyrewarding
7%
pracować na zewnątrzwork outdoors
7%
pracować na nocnych zmianachdo night shifts
4%
pracować w godzinach nadliczbowychdo overtime
4%
dostać pięć tygodni płatnego urlopuget five weeks paid holiday
4%
monotonnyrepetitive
4%
prowadzić firmęrun a buisness
4%
pracować do późnado long hours
0%
zniechęcić kogoś do czegośput somebody off something
0%
zatrudnić kogośtake somebody on
0%

Rozkład punktacji

Percentyl według liczby udzielonych odpowiedzi

Procent ludzi z każdym wynikiem

Twoja historia wyników

Nie rozwiązałeś tego quizu